000 00664nam a2200289Ia 4500
005 20260324133613.0
008 008 260324s9999 xx 000 0 eng d
020 _a9780203451731
037 _aEBOOK
040 _aCRL
040 _beng
040 _cCRL
041 _2eng
041 _aeng
084 _qCRL
100 _aCatherine Keller
_91193702
245 4 _aThe Face of the Deep
245 2 _bA Theology of Becoming
260 _bTaylor and Francis
260 _c2003
365 _a
365 _b240
856 _uhttp://www.taylorfrancis.com/books/9780203451731
942 _cEBOOK
999 _c1792927
_d1792927